01479nam a22003734a 4500001001200000003000800012006001900020007001500039008004100054010001700095020002200112020002100134040002100155035002100176050002400197082001700221100002900238245009900267246002700366260005100393300001700444490003400461504006400495533015200559650003300711651004700744651003900791651005300830655002900883710001700912830003500929856012600964999001501090ebr10005724CaPaEBRm u cr cn|||||||||010111s2001 nyu sb 001 0 eng  z 2001018436 z0521806348 (hard) z0521001056 (pb.) aCaPaEBRcCaPaEBR a(OCoLC)55972522014aJQ1510b.F48 2001eb04a951.05/92211 aFewsmith, Joseph,d1949-10aChina since Tiananmenh[electronic resource] :bthe politics of transition /cJoseph Fewsmith.30aPolitics of transition aNew York :bCambridge University Press,c2001. axvii, 313 p.1 aCambridge modern China series aIncludes bibliographical references (p. 271-304) and index. aElectronic reproduction.bPalo Alto, Calif. :cebrary,d2013.nAvailable via World Wide Web.nAccess may be limited to ebrary affiliated libraries. 0aPolitical leadershipzChina. 0aChinaxPolitics and governmenty1976-2002. 0aChinaxEconomic policyy1976-2000. 0aChinaxHistoryyTiananmen Square Incident, 1989. 7aElectronic books.2local2 aebrary, Inc. 0aCambridge modern China series.40uhttp://site.ebrary.com/lib/rucke/Doc?id=10005724zAn electronic book accessible through the World Wide Web; click to view c3428d3428